header

Neuro-linguistic programming workbook for dummies (Record no. 170588)

MARC details
000 -LEADER
fixed length control field 01309nam a2200349 a 4500
082 04 - DEWEY DECIMAL CLASSIFICATION NUMBER
Classification number 158.1
100 1# - MAIN ENTRY--AUTHOR NAME
Personal name Ready, Romilla.
245 10 - TITLE STATEMENT
Title Neuro-linguistic programming workbook for dummies
250 ## - EDITION STATEMENT
Edition statement [Rev. ed.].
260 ## - PUBLICATION, DISTRIBUTION, ETC. (IMPRINT)
Place of publication Chichester, West Sussex, England ;
-- Hoboken, N.J. :
Name of publisher John Wiley & Sons, Ltd.,
Year of publication 2008.
300 ## - PHYSICAL DESCRIPTION
Number of Pages xvi, 282 p. :
Other physical details ill.
500 ## - GENERAL NOTE
General note Includes index.
650 #0 - SUBJECT ADDED ENTRY--TOPICAL TERM
Topical Term Neurolinguistic programming.
700 1# - ADDED ENTRY--PERSONAL NAME
Personal name Burton, Kate,
856 40 - ELECTRONIC LOCATION AND ACCESS
Uniform Resource Identifier http://site.ebrary.com/lib/rucke/Doc?id=10300539

No items available.

© 2026 Rongo University
Contact us: librarian | system librarian | Rongo university